[Event "22nd ch-EUR Indiv 2022"]
[Site "Terme Catez SLO"]
[Date "2022.04.04"]
[Round "9.101"]
[White "Hasanzade, Toghrul"]
[Black "Sokolovsky, Yahli"]
[Result "1/2-1/2"]
[WhiteTitle "IM"]
[BlackTitle "FM"]
[WhiteElo "2297"]
[BlackElo "2395"]
[WhiteFideId "13407716"]
[BlackFideId "2820242"]
[EventDate "2022.03.27"]

1. e4 e5 2. Bc4 Nc6 3. Nc3 Nf6 4. d3 Na5 5. Nge2 d6 6. O-O Nxc4 7. dxc4 Be6 8.
Qd3 Nd7 9. b3 Be7 10. Be3 Bg5 11. a4 O-O 12. Ng3 g6 13. Rae1 a5 14. Qd2 Bxe3 15.
Qxe3 Qe7 16. Nb5 Rac8 17. f4 exf4 18. Qxf4 f6 19. Nf5 Qd8 20. Nbd4 Nc5 21. Nh6+
Kh8 22. Qd2 Bd7 23. Nb5 Kg7 24. Qf4 Ne6 25. Qd2 Nc5 26. Qf4 Qe7 27. Ng4 Bxg4 28.
Qxg4 Rce8 29. Nc3 Qe5 30. Qf3 f5 31. exf5 Qxe1 32. Rxe1 Rxe1+ 33. Kf2 Re5 34.
Kg1 Rfxf5 35. Qd1 Ne4 36. Nd5 Rf7 37. h3 Ng3 38. Kh2 Nf1+ 39. Kg1 Ng3 40. Kh2
Nf1+ 41. Kg1 c6 42. Nb6 Re6 43. Nc8 Ng3 44. Qd4+ Rff6 45. Kh2 Nf1+ 46. Kg1 Ne3
47. Nxd6 Nxc2 48. Qc3 Rxd6 49. Qxc2 c5 50. Qe4 Rd7 51. Qe8 Rdf7 52. Qe5 b6 53.
Kh2 h6 54. Qe8 Kh7 55. Qe5 h5 56. Qe8 Kg7 57. Qe5 Rd7 58. Qe8 Rfd6 59. Qb8 Rd8
60. Qc7+ Kf6 61. Qb7 Ke5 62. Qg7+ Ke4 63. Qc3 Rd3 64. Qe1+ Kf5 65. Qf2+ Ke6 66.
Qe1+ Kf7 67. Qf1+ Kg7 68. Qf4 R8d6 69. Qe5+ Kf7 70. Qf4+ Ke7 71. Qe4+ Kf8 72.
Qf4+ Kg8 73. Qe4 Kf7 74. Qf4+ Rf6 75. Qc7+ Kf8 76. Qb8+ Ke7 77. Qe5+ Re6 78.
Qg7+ Kd6 79. Qh8 Rxb3 80. Qb8+ Kd7 81. Qb7+ Ke8 82. Qc8+ Kf7 83. Qd7+ Re7 84.
Qd6 Rb2 85. Kg3 Rb4 86. Qd5+ Kf6 87. Qd6+ Kf7 88. Qd5+ Kg7 89. Qd6 Rf7 90. Qe5+
Rf6 91. Qe7+ Rf7 92. Qe5+ Kh7 93. Qe6 Rg7 94. Kh4 Rxa4 95. Kg5 Rb4 96. g4 h4 97.
Kf6 Rb1 98. Qe2 Rb3 99. Qf2 Rxh3 100. Kg5 a4 101. Qg2 Re3 102. Qf2 Re5+ 103.
Kxh4 a3 104. Qg3 Rge7 105. Qxa3 Kh6 106. Qa8 g5+ 107. Kg3 Re3+ 108. Kf2 Re2+
109. Kf1 Re1+ 110. Kf2 R1e2+ 111. Kf1 R2e6 112. Qh8+ Rh7 113. Qf8+ Rg7 114. Kg2
Kh7 115. Qf5+ Reg6 116. Qf8 Rd7 117. Qf5 Re7 118. Qf8 Re2+ 119. Kf1 Ree6 120.
Qf7+ Kh6 121. Qf8+ Rg7 122. Kg2 Kh7 123. Qf5+ Reg6 124. Qf8 Rg8 125. Qf5 Rd8
126. Kg3 Kg7 127. Qe5+ Kg8 128. Qf5 Rdd6 129. Kg2 Kg7 130. Kg3 Rde6 131. Kg2 Re7
132. Kg3 Re3+ 133. Kg2 Re2+ 134. Kg3 Re7 135. Kg2 Rf7 136. Qe5+ Kh7 137. Qh2+
Kg8 138. Qe5 Rf4 139. Kg3 Kh7 140. Qc7+ Kh6 141. Qd8 Kh7 142. Qc7+ Kg8 143. Qd8+
Rf8 144. Qd5+ Rf7 145. Qe5 Kh7 146. Kg2 Rf4 147. Qe7+ Kh6 148. Kg3 Rgf6 149. Qe8
Kg7 150. Qe7+ Kg6 151. Qe8+ Kg7 152. Qe7+ Kh6 153. Qe8 Rf3+ 154. Kg2 Rf2+ 155.
Kg1 Rf1+ 156. Kg2 R6f2+ 157. Kg3 Rf7 158. Qh8+ Rh7 159. Qd8 Rg1+ 160. Kf2 Rxg4
161. Qxb6+ Kh5 162. Qe6 Ra7 163. Qe8+ Kh6 164. Qe6+ Kh5 165. Qe8+ Kh6 166. Qe6+ 1/2-1/2

[Event "22nd ch-EUR Indiv 2022"]
[Site "Terme Catez SLO"]
[Date "2022.04.04"]
[Round "9.102"]
[White "Kanov, Nikola"]
[Black "Golubovic, Boris"]
[Result "1/2-1/2"]
[WhiteTitle "CM"]
[BlackTitle "IM"]
[WhiteElo "2265"]
[BlackElo "2393"]
[WhiteFideId "2928531"]
[BlackFideId "14502160"]
[EventDate "2022.03.27"]

1. e4 c5 2. Nf3 e6 3. d4 cxd4 4. Nxd4 Nf6 5. Nc3 Nc6 6. Ndb5 Bc5 7. Bf4 O-O 8.
Be2 a6 9. Nd6 e5 10. Bg5 h6 11. Bxf6 Qxf6 12. Nf5 Bb4 13. Ne3 Bxc3+ 14. bxc3 Ne7
15. c4 Qc6 16. Qd3 d6 17. Nd5 Nxd5 18. cxd5 Qc5 19. O-O Bd7 20. c4 Rac8 21. Rab1
Rc7 22. Qe3 Qxe3 23. fxe3 Rd8 24. Rb6 Bc8 25. Rfb1 Rc5 26. R1b2 Kf8 27. Kf2 Ke7
28. Ke1 g6 29. Kd2 Ra5 30. Kc3 f5 31. Kb4 Rc5 32. Bd3 Rf8 33. exf5 gxf5 34. Rf2
Rc7 1/2-1/2

[Event "22nd ch-EUR Indiv 2022"]
[Site "Terme Catez SLO"]
[Date "2022.04.04"]
[Round "9.103"]
[White "Rubil, Marko"]
[Black "Lutsko, Artem"]
[Result "0-1"]
[WhiteTitle "FM"]
[WhiteElo "2293"]
[BlackElo "2390"]
[WhiteFideId "14501546"]
[BlackFideId "14188767"]
[EventDate "2022.03.27"]

1. e4 c5 2. Nf3 d6 3. d4 cxd4 4. Nxd4 Nf6 5. Nc3 a6 6. Bg5 e6 7. Qf3 Be7 8.
O-O-O Nbd7 9. Be2 Qc7 10. Qg3 b5 11. a3 Rb8 12. f4 b4 13. axb4 Rxb4 14. Rhe1 Qb6
15. Nb3 h6 16. e5 hxg5 17. exf6 Bxf6 18. fxg5 Be5 19. Qd3 Rxh2 20. Bf3 Bf4+ 21.
Kb1 Ne5 22. Qf1 Bxg5 23. Rxe5 dxe5 24. Ne4 Be7 25. Qe1 Qc7 26. Nf2 Bb7 27. Nd3
Bxf3 28. Rc1 Rxb3 29. cxb3 Qd8 30. Nxe5 Rxg2 31. Qe3 Bd5 32. Qd4 Bd6 33. Qa4+
Ke7 34. Nc6+ Bxc6 35. Rxc6 Be5 36. Qb4+ Kf6 37. Qh4+ g5 38. Qh6+ Ke7 39. Ka2
Qa5+ 0-1

[Event "22nd ch-EUR Indiv 2022"]
[Site "Terme Catez SLO"]
[Date "2022.04.04"]
[Round "9.104"]
[White "Barp, Alberto"]
[Black "Gershkowich, David"]
[Result "1-0"]
[WhiteTitle "IM"]
[BlackTitle "FM"]
[WhiteElo "2388"]
[BlackElo "2233"]
[WhiteFideId "872555"]
[BlackFideId "2803356"]
[EventDate "2022.03.27"]

1. d4 f5 2. Nf3 Nf6 3. c4 g6 4. Nc3 d6 5. g3 Bg7 6. Bg2 O-O 7. O-O c6 8. d5 e5
9. dxe6 Bxe6 10. Qd3 h6 11. Nh4 Qe8 12. e4 Ng4 13. exf5 gxf5 14. b3 Na6 15. Bf4
Ne5 16. Qd2 Kh7 17. Rad1 Rd8 18. Rfe1 Qf7 19. Ne2 Bf6 20. Bxh6 Rg8 21. Nf3 Nc5
22. Be3 Ne4 23. Qc2 Ng4 24. Nf4 Bc8 25. Nd4 d5 26. cxd5 cxd5 27. f3 Nxe3 28.
Rxe3 Qg7 29. Nde6 Bxe6 30. Nxe6 Qh6 31. Qd3 Bg5 32. Nxg5+ Qxg5 33. Ree1 Nf6 34.
Re5 Ne4 35. fxe4 dxe4 36. Qe2 Rxd1+ 37. Qxd1 Rd8 38. Rd5 Rxd5 39. Qxd5 Qc1+ 40.
Kf2 Qc2+ 41. Kg1 Qc1+ 42. Bf1 Qe3+ 43. Kh1 Qf3+ 44. Bg2 Qf2 45. Qxb7+ Kg6 46.
Qa6+ Kg7 47. Qf1 Qc5 48. g4 e3 49. gxf5 Kf6 50. Qd3 Qc1+ 51. Bf1 Kg5 52. Kg2
Qc6+ 53. Kg3 Qc7+ 54. Kf3 Qf4+ 55. Ke2 Qf2+ 56. Kd1 Kf4 57. Qd6+ Kf3 58. Qg3+ 1-0

[Event "22nd ch-EUR Indiv 2022"]
[Site "Terme Catez SLO"]
[Date "2022.04.04"]
[Round "9.105"]
[White "Mitev, Valentin"]
[Black "Ceres, Dragos"]
[Result "1-0"]
[WhiteTitle "FM"]
[BlackTitle "FM"]
[WhiteElo "2255"]
[BlackElo "2385"]
[WhiteFideId "2921707"]
[BlackFideId "13905864"]
[EventDate "2022.03.27"]

1. d4 Nf6 2. c4 e6 3. Nc3 Bb4 4. e3 c5 5. a3 Bxc3+ 6. bxc3 d6 7. Bd3 Nc6 8. Ne2
O-O 9. e4 e5 10. d5 Ne7 11. O-O Ng6 12. f3 h6 13. Qc2 Bd7 14. Bd2 Rb8 15. Rab1
Qa5 16. g3 Rfe8 17. Kh1 Ba4 18. Qc1 Qd8 19. Qe1 Bd7 20. Ng1 a6 21. Qe2 Qa5 22.
Rfe1 Qd8 23. Qf1 Nh5 24. Rb2 b6 25. Nh3 Qc8 26. Nf2 Qc7 27. Qe2 Nf6 28. Rg1 b5
29. Rgb1 bxc4 30. Bxc4 a5 31. Bb5 Bxb5 32. Rxb5 c4 33. Be3 Rxb5 34. Rxb5 Nd7 35.
Qb2 Ngf8 36. Rb7 Rb8 37. Rxb8 Nxb8 38. Qb6 Qxb6 39. Bxb6 Nfd7 40. Bxa5 Na6 41.
Nd1 1-0

[Event "22nd ch-EUR Indiv 2022"]
[Site "Terme Catez SLO"]
[Date "2022.04.04"]
[Round "9.106"]
[White "Juksta, Karolis"]
[Black "Bauer, Thomas"]
[Result "1-0"]
[WhiteTitle "FM"]
[BlackTitle "CM"]
[WhiteElo "2378"]
[BlackElo "2224"]
[WhiteFideId "12809039"]
[BlackFideId "1639293"]
[EventDate "2022.03.27"]

1. d4 Nf6 2. c4 g6 3. Nc3 Bg7 4. e4 d6 5. Be2 O-O 6. Bg5 h6 7. Be3 e5 8. d5 Na6
9. g4 Nc5 10. f3 h5 11. g5 Nh7 12. h4 f6 13. gxf6 Bxf6 14. Bf2 Be7 15. Kd2 Rf4
16. Qe1 Bd7 17. Kc2 Na4 18. Nxa4 Bxa4+ 19. b3 Bd7 20. Nh3 Rxh4 21. Bxh4 Bxh4 22.
Qg1 Qe8 23. Qg2 Bf6 24. Rag1 g5 25. Nf2 a6 26. Qh2 Nf8 27. Bf1 b5 28. Qxh5 bxc4
29. Bxc4 Qxh5 30. Rxh5 Ng6 31. Bf1 Be8 32. Rhh1 c6 33. dxc6 Bxc6 34. Nh3 d5 35.
Nxg5 Bb5 36. Nh7 Kf7 37. Nxf6 Bxf1 38. Nxd5 Rc8+ 39. Kd2 Bb5 40. Rxg6 1-0

[Event "22nd ch-EUR Indiv 2022"]
[Site "Terme Catez SLO"]
[Date "2022.04.04"]
[Round "9.107"]
[White "Tomazini, Zan"]
[Black "Nareks, Matic"]
[Result "1/2-1/2"]
[WhiteTitle "IM"]
[BlackTitle "CM"]
[WhiteElo "2376"]
[BlackElo "2202"]
[WhiteFideId "14608162"]
[BlackFideId "14629526"]
[EventDate "2022.03.27"]

1. e4 c5 2. c3 d5 3. exd5 Qxd5 4. d4 g6 5. Nf3 Bg7 6. Na3 cxd4 7. Bc4 Qe4+ 8.
Be3 Nh6 9. cxd4 O-O 10. Nb5 Nf5 11. Qe2 Nc6 12. Nc7 Nxe3 13. fxe3 Rb8 14. O-O
Bh6 15. Rae1 Bf5 16. Nb5 Na5 17. Nc3 Qxe3+ 18. Qxe3 Bxe3+ 19. Rxe3 Nxc4 20. Rxe7
Rfe8 21. Nd5 Kf8 22. Rc7 Rec8 23. Rxc8+ Rxc8 24. b3 Nd6 25. Ne3 Bd3 26. Re1 Nf5
27. g4 Nxe3 28. Rxe3 Bb5 29. g5 Rc2 30. d5 Rc1+ 31. Kf2 Rd1 32. Re5 Rd3 33. Kg3
a5 34. Kf4 a4 35. bxa4 Bxa4 36. Re4 Bd7 37. Rd4 Ra3 38. Rb4 b5 39. Ne5 Ke7 40.
Nxd7 Kxd7 41. Ke5 Rxa2 42. h4 Re2+ 43. Kf6 Kd6 44. Rxb5 Re4 45. Rb8 Rf4+ 46. Kg7
Rxh4 47. Rd8+ Ke7 48. Ra8 Rg4 49. Ra7+ Kd6 50. Rxf7 Rxg5 51. Kxh7 1/2-1/2

[Event "22nd ch-EUR Indiv 2022"]
[Site "Terme Catez SLO"]
[Date "2022.04.04"]
[Round "9.108"]
[White "Kochavi, Ori"]
[Black "Fruebing, Stefan"]
[Result "1-0"]
[WhiteTitle "FM"]
[BlackTitle "IM"]
[WhiteElo "2253"]
[BlackElo "2374"]
[WhiteFideId "2816873"]
[BlackFideId "4682165"]
[EventDate "2022.03.27"]

1. e4 e5 2. Nf3 Nc6 3. Bb5 Nf6 4. O-O Nxe4 5. Re1 Nd6 6. a4 Be7 7. Nc3 O-O 8. d4
e4 9. Nxe4 Nxe4 10. Rxe4 d5 11. Re1 Bg4 12. Bxc6 bxc6 13. h3 Bxf3 14. Qxf3 Qd7
15. Bf4 Rab8 16. b3 Rfe8 17. Re2 Bb4 18. Be5 f6 19. Bg3 Rbd8 20. Rd1 Qc8 21. c3
Bd6 22. Rde1 Rxe2 23. Qxe2 h6 24. b4 Kh7 25. Bxd6 cxd6 26. Qd3+ Kg8 27. Re7 Re8
28. Rxa7 Re4 29. Qg3 Qf8 30. Rd7 Re6 31. a5 f5 32. f4 Re7 33. Rxd6 Qb8 34. Qg6 1-0

[Event "22nd ch-EUR Indiv 2022"]
[Site "Terme Catez SLO"]
[Date "2022.04.04"]
[Round "9.109"]
[White "Redzisz, Michal"]
[Black "Manca, Federico"]
[Result "1-0"]
[WhiteTitle "FM"]
[BlackTitle "IM"]
[WhiteElo "2223"]
[BlackElo "2370"]
[WhiteFideId "21816107"]
[BlackFideId "800171"]
[EventDate "2022.03.27"]

1. d4 d5 2. c4 e6 3. Nf3 c5 4. cxd5 exd5 5. g3 Nc6 6. Bg2 Nf6 7. O-O cxd4 8.
Nxd4 Be7 9. Nc3 O-O 10. Be3 Re8 11. h3 h6 12. Rc1 Bf8 13. Qd2 Ne5 14. b3 Bb4 15.
Qb2 Nc6 16. Rcd1 Rxe3 17. fxe3 Qe7 18. Kh2 Qe5 19. Rxf6 Bxc3 20. Qxc3 Qxf6 21.
Nb5 Qe7 22. Rxd5 Be6 23. Rc5 Rd8 24. Nd4 Nxd4 25. exd4 b6 26. Rc7 Qf6 27. d5
Bxd5 28. Qxf6 gxf6 29. Rxa7 Be6 30. Bf3 Rd2 31. Kg2 Bf5 32. Ra6 b5 33. Rxf6 Be6
34. a4 bxa4 35. bxa4 Ra2 36. Rxh6 Rxa4 37. Rf6 Kg7 38. Rf4 Ra2 39. g4 Rb2 40.
Kg3 Rb1 41. Rd4 Rb5 42. Kf4 Rc5 43. h4 Rc4 44. Rxc4 Bxc4 45. g5 f6 46. Kf5 fxg5
47. hxg5 Bb3 48. Bh5 Bd1 49. Ke5 Bc2 50. e3 Bd3 51. Bf3 Kf7 52. Be4 Be2 53. Bf5
Bf1 54. Kf4 Be2 55. Bc2 Bf1 56. Bf5 Be2 57. e4 Bd1 58. Bd7 Ke7 59. Bg4 Bb3 60.
Ke5 Kf7 61. Bh5+ Ke7 62. g6 Bc4 63. g7 Be6 64. Bg6 Bg8 65. Bf5 1-0

[Event "22nd ch-EUR Indiv 2022"]
[Site "Terme Catez SLO"]
[Date "2022.04.04"]
[Round "9.110"]
[White "Kalogeris, Ioannis"]
[Black "Ciolek, Andreas"]
[Result "1-0"]
[WhiteTitle "FM"]
[BlackTitle "FM"]
[WhiteElo "2368"]
[BlackElo "2191"]
[WhiteFideId "4239563"]
[BlackFideId "12906727"]
[EventDate "2022.03.27"]

1. e4 c5 2. Nf3 d6 3. d4 cxd4 4. Nxd4 Nf6 5. Nc3 a6 6. Be2 e5 7. Nb3 Be7 8. O-O
O-O 9. Qd3 Be6 10. Bd2 Nbd7 11. Nd5 Bxd5 12. exd5 a5 13. a4 Nc5 14. Nxc5 dxc5
15. Bf3 Ne8 16. Bc3 Bd6 17. Rfe1 Qc7 18. Qe2 f6 19. g3 g6 20. h4 Ng7 21. h5 Rae8
22. Qd2 b6 23. hxg6 hxg6 24. Kg2 Kf7 25. Rh1 Rh8 26. Be2 Nf5 27. Bg4 Ng7 28. Rh6
Rxh6 29. Qxh6 Qb7 30. Rd1 Qa8 31. Bd7 Rh8 32. Qe3 Qb7 33. Bh3 Rh5 34. Bg4 Rh7
35. b3 Rh8 36. Bb2 Qe7 37. Re1 Qb7 38. Qf3 Qe7 39. Bh3 Re8 40. Qd3 f5 41. Qb5
Qb7 42. Kg1 Re7 43. Bf1 Ne8 44. Bc4 Nf6 45. Qc6 Qb8 46. Kg2 Kg7 47. Rh1 Re8 48.
Ba6 Re7 49. Bc1 Ne4 50. f3 Rc7 51. Bh6+ Kg8 52. fxe4 Rxc6 53. dxc6 Kf7 54. g4 f4
55. Bc4+ Kf6 56. g5+ Ke7 57. Bg7 Qc8 58. Bf6+ Ke8 59. Kf3 Qc7 60. Rh8+ Bf8 61.
Bb5 c4 62. Rh7 Bg7 63. Rxg7 Qc8 64. Rg8+ Kf7 65. Rxc8 cxb3 66. Bc4# 1-0

[Event "22nd ch-EUR Indiv 2022"]
[Site "Terme Catez SLO"]
[Date "2022.04.04"]
[Round "9.111"]
[White "Richter, Nils"]
[Black "Gombocz, Ferenc Jr."]
[Result "0-1"]
[WhiteTitle "FM"]
[BlackTitle "FM"]
[WhiteElo "2365"]
[BlackElo "2188"]
[WhiteFideId "12990809"]
[BlackFideId "775029"]
[EventDate "2022.03.27"]

1. d4 d5 2. c4 c6 3. Nf3 Nf6 4. g3 dxc4 5. Bg2 b5 6. Ne5 Bb7 7. O-O e6 8. a4 a6
9. b3 cxb3 10. Bb2 Bd6 11. Nd2 O-O 12. Qxb3 Qe7 13. Rfc1 Rc8 14. Qd3 Nd5 15. Be4
g6 16. Nb3 f6 17. Nf3 bxa4 18. Rxa4 Nb6 19. Raa1 f5 20. d5 fxe4 21. Qxe4 Nxd5
22. Na5 Rc7 23. Ne5 Nd7 24. Ng4 N7f6 25. Qd4 e5 26. Nxe5 c5 27. Nxg6 cxd4 28.
Nxe7+ Rxe7 29. Bxd4 Rc8 30. Nxb7 Rxc1+ 31. Rxc1 Rxb7 32. Rc6 Be7 33. Rxa6 Kf7
34. Kg2 Rc7 35. Ra5 Rc4 36. Ba1 Rc2 37. e4 Ne3+ 38. Kf3 Nc4 39. Rf5 Nd2+ 40. Ke2
Nxe4+ 0-1

[Event "22nd ch-EUR Indiv 2022"]
[Site "Terme Catez SLO"]
[Date "2022.04.04"]
[Round "9.112"]
[White "Lozynskyi, Bohdan"]
[Black "O'Gorman, Tom"]
[Result "0-1"]
[BlackTitle "FM"]
[WhiteElo "2201"]
[BlackElo "2357"]
[WhiteFideId "14182602"]
[BlackFideId "2508249"]
[EventDate "2022.03.27"]

1. e4 c5 2. Nf3 d6 3. Bb5+ Bd7 4. Bxd7+ Nxd7 5. O-O Ngf6 6. Qe2 Rc8 7. c4 g6 8.
b3 Bg7 9. Bb2 O-O 10. Nc3 e6 11. d4 cxd4 12. Nxd4 d5 13. exd5 exd5 14. cxd5 Re8
15. Qd2 Nc5 16. Rad1 Nxd5 17. Nxd5 Qxd5 18. Qa5 Qh5 19. Ba1 Be5 20. Nf3 Bxa1 21.
Rxa1 a6 22. Rac1 Nd3 23. Qxh5 gxh5 24. Rxc8 Rxc8 25. h3 Rc2 26. a4 Rb2 27. Nd4
Kg7 28. f4 Kf6 29. Rf3 Nc5 30. Rc3 Rb1+ 31. Kh2 Ne4 32. Re3 Nd2 33. Rd3 Rd1 34.
Rc3 Nf1+ 35. Kg1 Ng3+ 36. Kh2 h4 0-1

[Event "22nd ch-EUR Indiv 2022"]
[Site "Terme Catez SLO"]
[Date "2022.04.04"]
[Round "9.113"]
[White "Szwed, Jacek"]
[Black "Laptii, Nazar"]
[Result "1/2-1/2"]
[WhiteTitle "FM"]
[WhiteElo "2357"]
[BlackElo "2180"]
[WhiteFideId "1126431"]
[BlackFideId "14174332"]
[EventDate "2022.03.27"]

1. e4 c5 2. Nf3 d6 3. Bb5+ Nd7 4. d4 cxd4 5. Nxd4 Nf6 6. O-O a6 7. Ba4 e6 8. c4
Be7 9. Nc3 O-O 10. f4 Qc7 11. Qe2 Nb6 12. Bb3 e5 13. Nf5 Bxf5 14. exf5 Rac8 15.
g4 Nxc4 16. g5 Nd7 17. f6 Nxf6 18. gxf6 Bxf6 19. Ne4 Be7 20. f5 d5 21. f6 dxe4
22. fxe7 Qxe7 23. Qxe4 Nd6 24. Qg2 Kh8 25. Bd2 Nc4 26. Rac1 b5 27. Bxc4 bxc4 28.
Qe4 Qe6 29. Bc3 f6 30. Rcd1 Rfd8 31. a4 h6 32. a5 Rd7 33. Qg6 Rcd8 34. Rde1 Rd6
35. Qe4 Rd3 36. Kh1 Qh3 37. Rg1 Qh5 38. Qg4 Qf7 39. Qe4 Qh5 40. Qg4 Qf7 41. Rg2
R8d7 42. Qe4 Qe6 43. Reg1 R3d6 44. Qa8+ Rd8 45. Qf3 R6d7 46. Rg4 Rc8 47. Qg2 Qc6
48. Qe4 g5 49. h4 Kg7 50. h5 Kf7 51. Rf1 Ke6 52. Qxc6+ Rxc6 53. Re4 Rd5 54. Rfe1
Rcc5 55. Bb4 Rc8 56. Bc3 Rcc5 57. Bb4 Rc8 58. Bc3 Rcc5 1/2-1/2

[Event "22nd ch-EUR Indiv 2022"]
[Site "Terme Catez SLO"]
[Date "2022.04.04"]
[Round "9.114"]
[White "Langheinrich, Ferenc"]
[Black "Lavrencic, Matic"]
[Result "1-0"]
[WhiteTitle "IM"]
[WhiteElo "2351"]
[BlackElo "2159"]
[WhiteFideId "4641973"]
[BlackFideId "14637847"]
[EventDate "2022.03.27"]

1. e4 c5 2. Nc3 d6 3. f4 g6 4. Nf3 Bg7 5. Bb5+ Bd7 6. Bxd7+ Qxd7 7. O-O Nc6 8.
d3 f5 9. Ne2 e6 10. c3 Nge7 11. exf5 exf5 12. d4 Qe6 13. Ng5 Qd5 14. dxc5 dxc5
15. Qxd5 Nxd5 16. Rd1 Nc7 17. Be3 b6 18. Rd6 Ne7 19. Rad1 h6 20. Nf3 Kf7 21. Rd7
Ne6 22. h4 Rhd8 23. h5 Ke8 24. R7d6 Rxd6 25. Rxd6 Kf7 26. hxg6+ Nxg6 27. Ng3 Ne7
28. Nh4 Kf6 29. Nh5+ Kf7 30. Rxe6 Kxe6 31. Nxg7+ Kf6 32. Nh5+ Kf7 33. Nf3 Rd8
34. Bd2 Ke6 35. c4 a6 36. a4 b5 37. axb5 axb5 38. cxb5 Rb8 39. Bc3 Rxb5 40. Kf2
Rb3 41. Ke2 Nd5 42. Be5 Rb4 43. Nd2 Kf7 44. Kf3 Kg6 45. Ng3 h5 46. Ne2 h4 47.
Kf2 Kh5 48. Nf3 Kg4 49. Nh2+ Kh5 50. Nf3 Kg4 51. Bc3 Rb3 52. Ne5+ Kh5 53. Nd7
Rb5 54. Nf6+ Nxf6 55. Bxf6 Kg4 56. Be5 Rb3 57. Bc3 Rb5 58. Ke3 Rb8 59. Kf2 Rd8
60. Ke1 Rd3 61. Bd2 c4 62. Bc3 h3 63. gxh3+ Kxh3 64. Kf2 Kg4 65. Be5 Rd1 66. Bc3
Rd3 67. Be5 Rd1 68. Nd4 Rd2+ 69. Ke3 Rxb2 70. Nxf5 Rb1 71. Ke4 Rc1 72. Bb2 Re1+
73. Ne3+ Kg3 74. f5 Re2 75. Be5+ Kh4 76. f6 Kg5 77. Kf3 1-0

[Event "22nd ch-EUR Indiv 2022"]
[Site "Terme Catez SLO"]
[Date "2022.04.04"]
[Round "9.115"]
[White "Unuk, Laura"]
[Black "Gregoric, Andraz"]
[Result "1-0"]
[WhiteTitle "IM"]
[WhiteElo "2346"]
[BlackElo "2091"]
[WhiteFideId "14609215"]
[BlackFideId "14629461"]
[EventDate "2022.03.27"]

1. Nf3 Nf6 2. c4 e6 3. g3 b6 4. Bg2 Bb7 5. O-O Be7 6. d4 O-O 7. Re1 d6 8. Nc3 c5
9. d5 e5 10. e4 Ne8 11. Nd2 Bg5 12. f4 Bf6 13. Nf3 Bc8 14. f5 g6 15. g4 Bg7 16.
Qc2 f6 17. h4 h5 18. gxh5 gxh5 19. Kf2 Kf7 20. Rg1 Rh8 21. Bh3 a6 22. Be3 Nd7
23. Rg3 Nf8 24. Rag1 Rh7 25. Bf1 Ra7 26. Be2 Bh8 27. Nh2 Ke7 28. Qd2 Ng7 29. Bh6
Ke8 30. Nf1 Re7 31. R3g2 Kd7 32. Ng3 Kc7 33. Nxh5 Nxh5 34. Bxh5 Rxh6 35. Qxh6
Rh7 36. Rg7+ Bxg7 37. Rxg7+ Rxg7 38. Qxg7+ Kb8 39. Be8 Nd7 40. h5 b5 41. h6 b4
42. Ne2 1-0

[Event "22nd ch-EUR Indiv 2022"]
[Site "Terme Catez SLO"]
[Date "2022.04.04"]
[Round "9.116"]
[White "Pasztor, Balazs"]
[Black "Easwaralingam, Adesh"]
[Result "1-0"]
[WhiteTitle "FM"]
[WhiteElo "2338"]
[BlackElo "2069"]
[WhiteFideId "774723"]
[BlackFideId "1448552"]
[EventDate "2022.03.27"]

1. e4 c5 2. Nf3 e6 3. d4 cxd4 4. Nxd4 Nc6 5. Nc3 Qc7 6. Be3 a6 7. Qf3 Nf6 8.
O-O-O Ne5 9. Qg3 b5 10. f4 Neg4 11. Bg1 b4 12. Na4 h5 13. e5 Nd5 14. h3 Nh6 15.
f5 Bb7 16. Kb1 Qa5 17. b3 O-O-O 18. Bc4 Nc3+ 19. Nxc3 bxc3 20. Be3 h4 21. Qf2
Bc5 22. fxe6 dxe6 23. a4 Bxd4 24. Bxd4 Nf5 25. Bb6 Rxd1+ 26. Rxd1 Qxe5 27. Qf1
a5 28. Ba6 Nd6 29. Qf3 Kb8 30. Bxb7 Nxb7 31. Rd7 Nd6 32. Ba7+ 1-0

[Event "22nd ch-EUR Indiv 2022"]
[Site "Terme Catez SLO"]
[Date "2022.04.04"]
[Round "9.117"]
[White "Krzywda, Andrzej"]
[Black "Gaal, Zsoka"]
[Result "1-0"]
[WhiteTitle "CM"]
[BlackTitle "WIM"]
[WhiteElo "2152"]
[BlackElo "2336"]
[WhiteFideId "1114565"]
[BlackFideId "777765"]
[EventDate "2022.03.27"]

1. e4 c5 2. Nc3 Nc6 3. Bb5 Nd4 4. Nf3 a6 5. Bd3 g6 6. b4 Nxf3+ 7. Qxf3 cxb4 8.
Nd5 Bg7 9. Rb1 e6 10. Ne3 Ne7 11. Rxb4 Nc6 12. Rb1 Ne5 13. Qg3 d5 14. Ba3 dxe4
15. Bxe4 Qd4 16. Rb4 Qa1+ 17. Nd1 Nc6 18. Rb2 Bd7 19. O-O Nd4 20. Nc3 Ne2+ 21.
Nxe2 Bxb2 22. Rxa1 Bxa1 23. Qg5 f6 24. Qc5 Kd8 25. Qe7+ Kc8 26. Bxb7+ Kxb7 27.
Qxd7+ Kb6 28. Qxe6+ Kb7 29. Qd5+ Kc7 30. Bd6+ 1-0

[Event "22nd ch-EUR Indiv 2022"]
[Site "Terme Catez SLO"]
[Date "2022.04.04"]
[Round "9.118"]
[White "Roebers, Eline"]
[Black "Loukopoulos, Panagiotis-Athanasi"]
[Result "1-0"]
[WhiteElo "2331"]
[BlackElo "2020"]
[WhiteFideId "1058401"]
[BlackFideId "4293835"]
[EventDate "2022.03.27"]

1. e4 e6 2. d4 d5 3. Nc3 Nf6 4. Bg5 Bb4 5. e5 h6 6. Bd2 Bxc3 7. bxc3 Ne4 8. Bc1
Nxc3 9. Qg4 g6 10. Bd3 c5 11. dxc5 Qa5 12. Bd2 Qa4 13. Qf3 Ne4 14. Bxe4 dxe4 15.
Qb3 Qa6 16. Ne2 Bd7 17. Qe3 Bc6 18. O-O Nd7 19. Bc3 Qc4 20. Rfd1 Qxc5 21. Rd4
O-O-O 22. Rxd7 1-0

[Event "22nd ch-EUR Indiv 2022"]
[Site "Terme Catez SLO"]
[Date "2022.04.04"]
[Round "9.119"]
[White "Hryzlova, Sofiia"]
[Black "Kanyamarala, Tarun"]
[Result "1-0"]
[WhiteTitle "WCM"]
[BlackTitle "FM"]
[WhiteElo "2097"]
[BlackElo "2325"]
[WhiteFideId "14174669"]
[BlackFideId "45004714"]
[EventDate "2022.03.27"]

1. d4 Nf6 2. c4 e6 3. Nc3 Bb4 4. Qc2 Nc6 5. Nf3 d6 6. a3 Bxc3+ 7. bxc3 O-O 8.
Bg5 h6 9. Bh4 e5 10. e3 Bg4 11. Be2 Re8 12. h3 Bh5 13. g4 Bg6 14. Qb2 Be4 15.
Rg1 g5 16. Bg3 Bg6 17. Nd2 Na5 18. Rd1 Nd7 19. Kf1 c5 20. Rh1 Rb8 21. Rh2 Nc6
22. d5 Na5 23. h4 Nf6 24. f3 b5 25. cxb5 Nxd5 26. Bf2 a6 27. c4 Nb6 28. Qc3 Na4
29. Qa1 axb5 30. cxb5 d5 31. hxg5 hxg5 32. f4 f6 33. f5 Bf7 34. Kg2 d4 35. Rdh1
Kf8 36. exd4 cxd4 37. Qb1 Nc3 38. Qb4+ Qe7 39. Rh8+ Bg8 40. Bc4 Nxc4 41. Qxc4
Qb7+ 42. Kg3 Qd5 43. R1h7 Rbc8 44. Qxd5 Nxd5 45. Ne4 Re7 46. Rxg8+ Kxg8 47.
Nxf6+ Nxf6 48. Rxe7 Rc3+ 49. Kg2 Rb3 50. a4 Nxg4 51. a5 d3 52. a6 d2 53. Rd7
Nxf2 54. a7 Ra3 55. b6 Nd3 56. b7 1-0